| 000 | 00337cam a22001217a 4500 | ||
|---|---|---|---|
| 008 | 180718b1973 xxu||||| |||| 00| 0 eng d | ||
| 082 | _aAB45 P278 | ||
| 100 | _aPatwardhan, M.V. | ||
| 245 |
_aManuwada or the Hindu socialistic democracy _cby M.V. Patwardhan |
||
| 260 |
_aRemdurg _bThe Author _c1973 |
||
| 300 | _a169p. | ||
| 650 | _aHinduism | ||
| 999 |
_c351826 _d351826 |
||